Биологический метод борьбы с вредителями в сельском хозяйстве / (Record no. 454690)
[ view plain ]
| 000 -LEADER | |
|---|---|
| fixed length control field | 01253nam a2200265 a 4500 |
| 003 - CONTROL NUMBER IDENTIFIER | |
| control field | AM-YEHGA |
| 040 ## - CATALOGING SOURCE | |
| Original cataloging agency | AM-YeHGA |
| 090 ## - LOCALLY ASSIGNED LC-TYPE CALL NUMBER (OCLC); LOCAL CALL NUMBER (RLIN) | |
| -- | 457684 |
| 005 - DATE AND TIME OF LATEST TRANSACTION | |
| control field | 20250617160518.0 |
| 008 - FIXED-LENGTH DATA ELEMENTS--GENERAL INFORMATION | |
| fixed length control field | 190328s1933 ru a||||r|||||001|0|rus|| |
| 041 0# - LANGUAGE CODE | |
| Language code of text/sound track or separate title | rus |
| 245 00 - TITLE STATEMENT | |
| Title | Биологический метод борьбы с вредителями в сельском хозяйстве / |
| Remainder of title | [Авт. : М. М. Голубева, С. И. Оболенский, Н. Ф. Мейер, В. П. Поспелов ; Предисл. : Ник. Ковалев]. |
| 260 ## - PUBLICATION, DISTRIBUTION, ETC. | |
| Place of publication, distribution, etc. | Москва ; |
| -- | Ленинград : |
| Name of publisher, distributor, etc. | Сельхозгиз, |
| Date of publication, distribution, etc. | 1933. |
| 300 ## - PHYSICAL DESCRIPTION | |
| Extent | 192 с. : |
| Other physical details | ил. ; |
| Dimensions | 22 см. |
| 504 ## - BIBLIOGRAPHY, ETC. NOTE | |
| Bibliography, etc. note | Библиогр. в конце глав |
| 650 14 - SUBJECT ADDED ENTRY--TOPICAL TERM | |
| Topical term or geographic name entry element | Сельское хозяйство |
| 650 14 - SUBJECT ADDED ENTRY--TOPICAL TERM | |
| Topical term or geographic name entry element | Защита растений |
| General subdivision | Вредители растений и борьба с ними |
| 650 14 - SUBJECT ADDED ENTRY--TOPICAL TERM | |
| Topical term or geographic name entry element | Отдельные виды и группы вредителей |
| General subdivision | Насекомые-вредители |
| 700 1# - ADDED ENTRY--PERSONAL NAME | |
| Personal name | Голубева, М. М. |
| 700 1# - ADDED ENTRY--PERSONAL NAME | |
| Personal name | Оболенский, С. И. |
| 700 1# - ADDED ENTRY--PERSONAL NAME | |
| Personal name | Поспелов, В. П. |
| 700 1# - ADDED ENTRY--PERSONAL NAME | |
| Personal name | Мейер, Н. Ф. |
| 700 1# - ADDED ENTRY--PERSONAL NAME | |
| Personal name | Ковалев, Ник. |
| Relator term | авт. предисл. |
| Relationship | aui |
| 942 ## - ADDED ENTRY ELEMENTS (KOHA) | |
| Source of classification or shelving scheme | Universal Decimal Classification |
| Koha item type | Գրքեր / Books |
| Withdrawn status | Lost status | Source of classification or shelving scheme | Damaged status | Not for loan | Collection | Home library | Current library | Date acquired | Total checkouts | Full call number | Barcode | Date last seen | Price effective from | Koha item type | Public note |
|---|---|---|---|---|---|---|---|---|---|---|---|---|---|---|---|
| Universal Decimal Classification | General | Fundamental Scientific Library | Fundamental Scientific Library | 07/12/2020 | PII/658773 | FL0630388 | 07/12/2020 | 07/12/2020 | Գրքեր / Books | 30 Days Loan |
ՀՀ Գիտությունների ազգային ակադեմիայի հիմնարար գիտական գրադարան = Fundamental Scientific Library of NAS RA
All site content, except where otherwise noted, is licensed under a